| 000 | 01162nam a22003257a 4500 | ||
|---|---|---|---|
| 003 | CHAP | ||
| 005 | 20220329143632.0 | ||
| 008 | 101103s1988 pa r 00010 spa d | ||
| 010 | _a99654 | ||
| 011 | _a100626 | ||
| 035 | _a111312 | ||
| 040 | _cCHAP | ||
| 082 | 1 | 4 |
_a632.952 _bF96 |
| 245 | 0 | 0 |
_aFungicidas sistémicos inhibidores de esteroles usados en el control de Mycosphaerella Fijiensis _c/por Beugnon, M ...[et al.] |
| 260 |
_aPanamá : _bUPEB, _c1988 |
||
| 300 |
_a[81] p. : _bgráfs., tablas |
||
| 500 | _aTrad. de : una serie de artículos publicados por la revista FRUITS, entre 1983 y 1986. | ||
| 590 |
_aBATCH-UPD _b10 _c20130110 _lUCH01 _h1554 |
||
| 590 |
_aBATCH-UPD _b10 _c20130410 _lUCH01 _h0952 |
||
| 590 |
_aBATCH-UPD _b10 _c20130914 _lUCH01 _h0612 |
||
| 590 |
_aCONVERSION _b10 _c20130109 _lUCH01 _h1355 |
||
| 650 | 1 | 4 |
_aFungicidas sistémicos. _944048 |
| 650 | 1 | 4 |
_aMycosphaerella fijiensis. _979933 |
| 650 | 1 | 4 |
_aPlátano _xEnfermedades. _989231 |
| 650 | 1 | 4 |
_aPlátano _xInvestigación. _989242 |
| 700 | 1 |
_aBeugnon, M. _912098 |
|
| 901 | _aBK | ||
| 942 | _cLIBRO | ||
| 949 |
_a632.952 F96 _bBC _cLIBRO _d33724002122033 _eLIBRO _h113727 _i111312 _sb |
||
| 999 |
_c99654 _d99654 |
||